000 00470nam a22001697a 4500
005 20251108171735.0
008 250721s1994 xx 000 0 ara d
082 1 4 _a218.9/خيا
100 1 _aخياطه، نهاد
245 1 0 _aدراسة التجربة الصوفية /
264 1 _aدمشق :
_bدار المعرفه،
_c1994.
300 _a169ص.
650 1 7 _aالصوفية
650 1 7 _aالتصوف الإسلامي
942 _2ddc
_cBK
999 _c61319
_d61319